000 00553nam a2200205Ia 4500
003 GCL
008 140319s9999 xx 000 0 ara d
040 _aGCL /
_cGCL
082 0 4 _aد
_b050
_bد ك
100 1 _aدار الهلال
245 1 0 _aالكواكب /
_cدار الهلال
260 _a[S.N] :
_bدار الهلال للطباعة والنشر
300 _a66
490 _aالف كتاب وكتاب
_v0
650 0 4 _aالادب
650 0 4 _aالمسرح
650 0 4 _aالفنون
650 0 4 _aالسينما
942 _2ddc
_cCF
999 _c26971
_d26971